000
00270nam a2200121Ia 4500
008
190216s9999||||xx |||||||||||||| ||und||
100
_a
Gupta K P
245
0
_a
Topolgy`
260
_b
Pragathi Prakashan
_c
1974
300
_a
436p
650
_a
Mathematics
942
_c
BK
999
_c
30765
_d
30765